000 01147nam a2200229Ia 4500
001 15260
003 GE_BSU
008 181216s||||||||xx |||||||||||||| ||und||
040 _cGE_BSU
080 _a821.353.1
245 _aჩვენი საუნჯე:ქართული მწერლობა ოც ტომად. ტ.4: თეიმურაზ პირველი, ნოდარ ციციშვილი, არჩილი, იოსებ სააკაძე
245 _cშემდგ. ა.გვახარია.ლ.მენაბდე. რედ.ალ.ბარამიძე. მხატვ.ლ.გრიგოლია
260 _aთბილისი
260 _bნაკადული
260 _c1960
300 _a512გვ.23სმ.
300 _eლექსიკონი გვ.507-510
653 _aთეიმურაზ პირველი, ნოდარ ციციშვილი, არჩილი, იოსებ სააკაძე
653 _aქართული მწერლობა.
653 _aჩვენი საუნჯე
942 _cBK
999 _c48372
_d48372